000 00632nam a2200205 a 4500
005 20140412111243.0
008 010809s19uu xx 00 eng d
020 _a0-590-43904-9
050 _aER
_bAl51 1992
100 _aBrownrigg, Sheri
245 _aAll tutus should be pink /
_cby Sheri Brownrigg.
260 _aNew york :
_bScholastic,
_c1992.
300 _a1v. (unp.)
440 _aHello reader
500 _aCatwheel books 'Level 2"
520 _aTwo little girls attend ballet class and eat strawberry ice cream afterwards
650 _aBallet dancing - Fiction
650 _aFriendship- fiction
999 _c102836
_d102836